[Event "Barceloneta op"]
[Site "Barcelona"]
[Date "2001.??.??"]
[Round "7"]
[White "Conesa Ramon, Pere"]
[Black "Lorenzo Gallardo, Eduardo"]
[Result "1/2-1/2"]
[WhiteElo "2035"]
[BlackElo "1720"]
[PlyCount "55"]
[EventDate "2001.09.29"]
[EventType "swiss"]
[EventRounds "9"]
[EventCountry "ESP"]
[SourceTitle "CBM 085 Extra"]
[Source "ChessBase"]
[SourceDate "2002.01.21"]
[SourceVersion "1"]
[SourceVersionDate "2002.01.21"]
[SourceQuality "1"]

1. d4 d5 2. g3 Nf6 3. Bg2 e6 4. Nf3 Nc6 5. 0-0 Be7 6. Nbd2 0-0 7. c4 Ne4 8. e3 Nb4 9. Qb3 a5 10. c5 b6 11. a3 Nc6 12. cxb6 cxb6 13. Qc2 Nxd2 14. Bxd2 Bb7 15. Rac1 Rc8 16. Qb3 b5 17. Qa2 a4 18. Rc2 b4 19. Qa1 b3 20. Rc3 Na5 21. Rfc1 Nc4 22. Be1 Bxa3 23. Rxc4 Rxc4 24. Rxc4 Bxb2 25. Qxb2 dxc4 26. Ne5 Qc7 27. Bb4 Rc8 28. Bc5 1/2-1/2